01267naa#a2200229#i#4500001001600000005001700016011001400033100004100047101000800088102000700096200027800103210013900381215001000520608004500530675013700575686005100712700007000763700005400833700007200887700006000959856001801019RU\\bibl\12065620260604000444.4##a2076-0655##a20260605b2026####ek#y0rusy0150####ca0#aRUS##aRU1#aВЛИЯНИЕ ТЕХНОЛОГИЧЕСКИХ ПАРАМЕТРОВ ОКРАШИВАНИЯ НА ЭКСПЛУАТАЦИОННУЮ СТОЙКОСТЬ ЛАКОКРАСОЧНЫХ ПОКРЫТИЙ СТРОИТЕЛЬНЫХ КОНСТРУКЦИЙeЖурнальная статья1#aМоскваcИндивидуальный Предприниматель Самченко Светлана Васильевнаd2026##a5 с.##aЖурнальная статья2local##aКаучук, пластмассы и подобные полимерные строительные материалы. 691.17zRUS##aМатериаловедение. 81.092grnti#1aПчельниковgАлександр Владимирович#1aПичугинgАнатолий Петрович#1aТулягановgАлександр Константинович#1aВагинаgТатьяна Александровна4#atsilicates.ru